| 000 | 00581nam a22001937a 4500 | ||
|---|---|---|---|
| 003 | OSt | ||
| 005 | 20260218063509.0 | ||
| 008 | 260218b |||||||| |||| 00| 0 eng d | ||
| 020 | _a971-08-6760-1 | ||
| 040 |
_aDWCL-Main Lib _cOC |
||
| 082 | _aFil. 398.41 Aq657 2007 | ||
| 100 | _aAquino, Gaudencio V. | ||
| 245 | _aPhilippine folk stories, volume 2 | ||
| 260 |
_aMandaluyong City : _bNational Book Store, _cc2007 |
||
| 300 |
_aix, 214 p. : _bill. ; _c23 cm. |
||
| 650 | _aFolk beliefs - Philippines. | ||
| 650 | _aFolk stories - Philippines. | ||
| 942 |
_2ddc _cBK - FIL _mFil. _n0 |
||
| 999 |
_c8434 _d8434 |
||